| 000 | 00731nam a22002415i 4500 | ||
|---|---|---|---|
| 999 |
_c2419 _d2419 |
||
| 001 | 7297 | ||
| 003 | BD-DhUAP | ||
| 005 | 20210130093934.0 | ||
| 008 | 200224s2020 nyu 000 0 eng | ||
| 020 | _a0500203059 | ||
| 040 |
_aBD-DhUAP _bEng _cBD-DhUAP _dBD-DhUAP |
||
| 082 |
_223 _a709.17671 HIL |
||
| 100 | 1 | _aHillenbrand, Robert. | |
| 245 | 1 | 0 |
_aIslamic art and architecture / _cRobert Hillenbrand. |
| 264 | 1 |
_aNew York : _bThames & Hudson Inc., _c1999. |
|
| 300 |
_a288 pages : _billustrations ; _c21 cm. |
||
| 500 | _aIncludes index. | ||
| 650 | _aIslamic architecture | ||
| 650 | _aSymbolism in architecture | ||
| 650 | _aSymbolism in architecture -- Islamic countries. | ||
| 942 |
_2ddc _cBK |
||